Tự học nghề tiểu thủ công ứng dụng trong đời sống
Đã lưu trong:
| 主要作者: | |
|---|---|
| 格式: | 图书 |
| 语言: | Undetermined |
| 出版: |
Tây Ninh
Sở văn hóa thông tin Tây Ninh
1986
|
| 主题: | |
| 标签: |
添加标签
没有标签, 成为第一个标记此记录!
|
| Thư viện lưu trữ: | Trung tâm Học liệu Trường Đại học Cần Thơ |
|---|
| LEADER | 00606nam a2200181Ia 4500 | ||
|---|---|---|---|
| 001 | CTU_23441 | ||
| 008 | 210402s9999 xx 000 0 und d | ||
| 082 | |a 661 | ||
| 082 | |b L462 | ||
| 100 | |a Phạm Văn Lợi | ||
| 245 | 0 | |a Tự học nghề tiểu thủ công ứng dụng trong đời sống | |
| 245 | 0 | |c Phạm Văn Lợi | |
| 260 | |a Tây Ninh | ||
| 260 | |b Sở văn hóa thông tin Tây Ninh | ||
| 260 | |c 1986 | ||
| 650 | |a chemical industry - cookery bread,cottage - industries | ||
| 904 | |i Sáng, 980421 | ||
| 980 | |a Trung tâm Học liệu Trường Đại học Cần Thơ | ||